Evangelism for teen-agers. (Record no. 11042)

000 -LEADER
fixed length control field 00575nam a2200181 a 4500
001 - CONTROL NUMBER
control field :::00008835$&:&@@
003 - CONTROL NUMBER IDENTIFIER
control field OkBaRHE
005 - DATE AND TIME OF LATEST TRANSACTION
control field 20100401161759.0
008 - FIXED-LENGTH DATA ELEMENTS--GENERAL INFORMATION
fixed length control field s1958 j 000 0 eng u
040 ## - CATALOGING SOURCE
Transcribing agency
100 1# - MAIN ENTRY--PERSONAL NAME
Personal name Ellis, Howard Woodrow, 1914-
245 10 - TITLE STATEMENT
Title Evangelism for teen-agers.
260 ## - PUBLICATION, DISTRIBUTION, ETC. (IMPRINT)
Place of publication, distribution, etc New York, NY., :
Name of publisher, distributor, etc Abingdon Press
Date of publication, distribution, etc 1958
300 ## - PHYSICAL DESCRIPTION
Extent 112 p. ;
Dimensions 19 cm.
650 ## - SUBJECT ADDED ENTRY--TOPICAL TERM
Topical term or geographic name as entry element Evangelistic Work
General subdivision Study and Teaching
942 ## - ADDED ENTRY ELEMENTS (KOHA)
Source of classification or shelving scheme
Koha item type Books
Copies
Date last seen Source of classification or shelving scheme Not for loan Date acquired Withdrawn status Copy number Full call number Koha item type Damaged status Barcode Shelving location Price effective from Lost status Permanent Location
2010-04-14  2010-04-14 1BV 3796 .E44 1958Books 8835General Stacks2010-04-14 RHEMA Bible Training College